000 00215 a2200085 4500
020 _a9781621452270
041 _aeng
245 _aQuotable quotes : all new wit & wisdom from the greatest minds of our time
942 _cBK
999 _c31061
_d31059